000 00865nam a22002777a 4500
001 BR2015005636
003 BR-BrBNA
005 20230928104730.0
007 ta
008 230509b bl.||||| |||| 00| 0 por d
040 _aBR-BrBNA
_bpor
_cBiblioteca Nacional de Agricultura
041 _a(Por)
072 _aE16
_b0336
_b5213
090 _ 0336 BR2015005636
110 1 _aUniversidade Federal Rio Grande do Sul, Porto Alegre, RS (Brasil)
_911200
245 1 _aIntegração soja-bovinos de corte no Sul do Brasil
_bBoletim Técnico: Grupo de Pesquisa em Integração Lavoura-Pecuária da UFRGS
260 3 _aPorto Alegre, RS (Brasil):
_c2011.
300 _a60 p.
500 _a41 illus.; 11 tables
650 _aSOJA
650 _aINTEGRAÇÃO
650 _aLAVOURA
650 _aGADO DE CORTE
909 _a202309
_bLucia
_c55
_dLucia Elande
942 _cBK
999 _c81446
_d81446